Rent review update - leases in transition? (Record no. 82392)

MARC details
000 -LEADER
fixed length control field 01149cam a22002175a 4500
001 - CONTROL NUMBER
control field L150095
008 - FIXED-LENGTH DATA ELEMENTS--GENERAL INFORMATION
fixed length control field 100602s2010 xxk 000 0 eng d
035 ## - SYSTEM CONTROL NUMBER
System control number (Sirsi) u150095
041 0# - LANGUAGE CODE
Language code of text/sound track or separate title eng
100 1# - MAIN ENTRY--PERSONAL NAME
Personal name Dowden, Malcolm
245 00 - TITLE STATEMENT
Title Rent review update - leases in transition?
260 ## - PUBLICATION, DISTRIBUTION, ETC.
Date of publication, distribution, etc. 2010
490 #0 - SERIES STATEMENT
Series statement Journal of Property Investment and Finance
Volume/sequential designation 28(2), 2010, (4)
520 ## - SUMMARY, ETC.
Summary, etc. 2009 saw significant debate on the continuing significance of institutional lease assumptions and their impact on rent reviews. There was a marked trend in case law against imposing expensive obligations on tenants unless the lease wording clearly required it. Discusses the introduction of the Carbon Reduction Commitment (CRC) energy efficiency scheme in April 2010 and its likely effects effects on rent reviews.
590 ## - LOCAL NOTE (RLIN)
Local note KA
650 24 - SUBJECT ADDED ENTRY--TOPICAL TERM
Topical term or geographic name entry element CARBON REDUCTION COMMITMENT
650 24 - SUBJECT ADDED ENTRY--TOPICAL TERM
Topical term or geographic name entry element NORWICH UNION LIFE INSURANCE SOCIETY V BRITISH RAILWAYS
651 #4 - SUBJECT ADDED ENTRY--GEOGRAPHIC NAME
Geographic name United Kingdom
690 ## - LOCAL SUBJECT ADDED ENTRY--TOPICAL TERM (OCLC, RLIN)
Topical term or geographic name as entry element PROPERTY-COMMERCIAL PROPERTY-LEASEHOLD COMMERCIAL PROPERTY-COMMERCIAL LANDLORD AND TENANT-BUSINESS TENANCIES-RENT REVIEW (BUSINESS TENANCIES)
942 ## - ADDED ENTRY ELEMENTS (KOHA)
Suppress in OPAC 0
Source of classification or shelving scheme Dewey Decimal Classification
Holdings
Withdrawn status Lost status Source of classification or shelving scheme Damaged status Not for loan Home library Current library Shelving location Date acquired Total Checkouts Full call number Barcode Date last seen Copy number Price effective from Koha item type
    Dewey Decimal Classification     London London Journal article 02/06/2010   L150095 150095-1001 06/08/2019 1 06/08/2019 Journal article